Giant brains or Machines that think /
Guardado en:
| Autor Principal: | |
|---|---|
| Formato: | Libro |
| Idioma: | English |
| Publicado: |
New York :
Wiley,
c1949.
|
| Etiquetas: |
Agregar Etiqueta
Sin Etiquetas, Sea el primero en etiquetar este registro!
|
| LEADER | 00528nam a22001695a 4500 | ||
|---|---|---|---|
| 001 | MAT.inmabb000282 | ||
| 008 | 861119s1949####nyua#####b####000#0#eng## | ||
| 005 | 20180611174243.0 | ||
| 245 | 1 | 0 | |a Giant brains or Machines that think / |c Edmund Callis Berkeley. |
| 260 | |a New York : |b Wiley, |c c1949. | ||
| 300 | |a xvi, 270 p. : |b il. ; |c 22 cm. | ||
| 504 | |a "References": p. 228-255. | ||
| 100 | 1 | |a Berkeley, Edmund Callis. | |
| 246 | 1 | |a Machines that think | |
| 084 | |a 68 |2 msc2000 | ||
| 010 | |a 49050247 | ||
| 859 | |h 68 |i B512 |p A-14 |b BIB. MATEMATICA | ||
